000
00235 a2200097 4500
001
38309
100
_a
Winkley L
245
_a
Emotional problems in children & young people
260
_a
London
_b
Cassell
_c
1996
090
_c
24351
_d
24351
942
_a
NUST-CAE
_c
M
_c
15949
999
_c
273382
_d
273382